Neoinformalidad en Centroamérica

Na minha lista:
Detalhes bibliográficos
Autor principal: Pérez Sáinz, Juan Pablo
Formato: Desconhecido
Publicado em: San José: FLACSO. Programa Costa Rica
Assuntos:
Tags: Adicionar Tag
Sem tags, seja o primeiro a adicionar uma tag!

MARC

LEADER 00000 a2200000 04500
001 11737
003
008 991231s d
040
090 |a 140604  
100 |a Pérez Sáinz, Juan Pablo  
245 |a Neoinformalidad en Centroamérica  
260 |a San José:   |b FLACSO. Programa Costa Rica  
300 |a 130 p.  
500 |a Bibliografía general: 36 ref  
650 |a SECTOR INFORMAL  
650 |a ARTESANIA  
650 |a MAESTROS ARTESANOS  
650 |a APRENDICES  
999 |c 14189  |d 14189